| 000 | 00956nam a2200253Ia 4500 | ||
|---|---|---|---|
| 001 | 20476 | ||
| 003 | GE_BSU | ||
| 008 | 181216s||||||||xx |||||||||||||| ||und|| | ||
| 040 | _cGE_BSU | ||
| 080 | _a811.353.1-88(075.3) | ||
| 245 | _aკლასგარეშე საკითხავი ლიტერატურა | ||
| 245 | _bI კლასისათვის | ||
| 245 | _cშეადგინა ვალერიან რამიშვილმა. რედ. ნ. სუხიტაშვილი | ||
| 250 | _aმერვე გამოც. | ||
| 260 | _aთბილისი | ||
| 260 | _bგანათლება | ||
| 260 | _c1988 | ||
| 300 | _a55გვ. ; 22სმ. ილ. | ||
| 541 | _h10თ. | ||
| 653 | _aI კლასისათვის | ||
| 653 | _aკლასგარეშე საკითხავი ლიტერატურა | ||
| 653 | _aქართული ენა | ||
| 942 | _cBK | ||
| 999 |
_c53433 _d53433 |
||